000 00899nmc a2200289 a 4500
003 AR-Y00000XR
005 20251128211901.0
008 097020s2005 ||||||||||||||000 | spa||
020 _a987-9028-57-0
040 _cAR-Y00000XR
100 1 _aFeito, María Carolina
245 1 0 _aAntropología y desarrollo
_bcontribuciones del abordaje etnográfico a las políticas sociales rurales : el caso de la producción hortícola bonaerense
250 _a1ª ed.
260 _aBuenos Aires
_bEditorial La colmena
_c2005
300 0 _a128 p.
490 0 _aEstudios
504 _aContiene referencias bibliográficas
650 4 _aETNOGRAFIA
650 4 _aANTROPOLOGIA CULTURAL Y SOCIAL
650 4 _aPOLITICA SOCIAL
650 4 _aDESARROLLO RURAL
650 4 _aHORTICULTURA
650 4 _aESTUDIOS DE CASOS
651 4 _aBuenos Aires [Provincia]
942 _cBK
998 _cme-solo cat
999 _c21461
_d21461